000 00210 a2200097 4500
001 27749
100 _aBeveridge, A
245 _aBaburnama Vol II
260 _a
_bSange-Meel Publisher
_c
090 _c18536
_d18536
942 _aNUST-CAE
_cM
_c9487
999 _c262822
_d262822